| 000 | 00903 a2200205 4500 | ||
|---|---|---|---|
| 003 | Nust | ||
| 005 | 20221121105041.0 | ||
| 020 | _a978-81-203-3737-4 | ||
| 040 | _cNust | ||
| 082 | _a621.381,LON | ||
| 100 |
_aKerl E .Lonngren _9103243 |
||
| 245 |
_aFundamentals of Electronic with Matlab (Include CD) / _cKerl E .Lonngren, Sava V. Savov, Randy J .Jost |
||
| 250 | _a2nd | ||
| 260 |
_aNew Delhi _bPHI Learning Private Ltd _c2009 |
||
| 300 | _axxii,529,p | ||
| 505 | _aMATLAB, Victor and Phasors (Page-3), Electrostatic Fields (Page-61), Magneto static Fields (Page-123), Boundary Value Problems Using MATLAB (Page-177), Time-Varying Electromagnetic Fields (Page-257), Electromagnetic Wave Propagation (Page-297), Transmission Lines (Page-353), Radiation of Electromagnetic Wave (Page-419). | ||
| 650 | _aTelecommunication Engineering | ||
| 651 |
_a(Include CD) _98953 |
||
| 942 |
_2ddc _cBK |
||
| 999 |
_c189543 _d189543 |
||